| 000 | 00333nam a2200109Ia 4500 | ||
|---|---|---|---|
| 008 | 171211s9999 xx 000 0 und d | ||
| 245 | _aAnimals In Human Society : Amazing Creatures Who Share Our Planet | ||
| 245 | _cDaniel Moorehead | ||
| 260 | _c2016 | ||
| 650 | _xANIMALS | ||
| 856 | _uhttp://down.ebook777.com/055/9780761866763.pdf | ||
| 999 |
_c348439 _d348439 |
||